00368pab a2200133 454500008004000000100002100040245008500061260000900146300001600155362001000171650001500181700001800196773002000214180718b2014 xxu||||| |||| 00| 0 eng d aKotecha, Keatan  aWhere are the thinkers?: not too late to include critical thinking in curriculum c2014 ap.10-11,19. a5 May aCurriculum aMishra, Richa aUniversity News